| 000 | 004250000a22001810004500 | ||
|---|---|---|---|
| 003 | MACL | ||
| 005 | 20160108133923.0 | ||
| 008 | 160108b xxu||||| |||| 00| 0 eng d | ||
| 040 |
_aMACL _cMACL |
||
| 041 | _aEnglish | ||
| 082 | _a900/SMI | ||
| 100 |
_aSmith, Vincent _929687 |
||
| 245 | _aAkbar the Great Mogal | ||
| 260 |
_bS Chand & Co. _aDelhi |
||
| 350 | _a15 | ||
| 650 |
_aHistory _929689 |
||
| 942 |
_cBK _k900/Smi _2ddc |
||
| 999 |
_c35595 _d35595 |
||